00458nam a2200121Ia 4500008004100000245015300041260003600194260000900230300000600239650002600245650001200271856005300283170516s9999 xx 000 0 und d aIntraoperative Image Guidance in Neurosurgery: Development, Current Indications, and Future Trends, Chris Schulz, Stephan Waldeck, and Uwe Max Mauer bRadiology Research and Practice c2012 a: xRadiologic Technology xRadtech uhttps://www.hindawi.com/journals/rrp/contents/4/